header

Puritans, the millennium and future of Israel (Record no. 150473)

MARC details
000 -LEADER
fixed length control field 01131nam a2200289Ia 4500
100 1# - MAIN ENTRY--AUTHOR NAME
Personal name Toon, Peter,
245 10 - TITLE STATEMENT
Title Puritans, the millennium and future of Israel
260 ## - PUBLICATION, DISTRIBUTION, ETC. (IMPRINT)
Place of publication Cambridge :
Name of publisher James Clarke,
Year of publication 1970.
300 ## - PHYSICAL DESCRIPTION
Number of Pages 157 p.
650 #0 - SUBJECT ADDED ENTRY--TOPICAL TERM
Topical Term Puritans
Topical Term Puritans
856 40 - ELECTRONIC LOCATION AND ACCESS
Uniform Resource Identifier http://site.ebrary.com/lib/rucke/Doc?id=10731790

No items available.

© 2026 Rongo University
Contact us: librarian | system librarian | Rongo university